Problemas de álgebra lineal

Gardado en:
Detalles Bibliográficos
Autor Principal: Valdivia, Mario (Author)
Formato: Libro
Idioma:Lingua castelá
Publicado: Santiago Universidad de Chile, Facultad de Ciencias Económicas 1987
Subjects:
Tags: Engadir etiqueta
Sen Etiquetas, Sexa o primeiro en etiquetar este rexistro!

MARC

LEADER 00000nam a2200000 a 4500
001 UCW8222
003 CL-VaPUC
008 880719e19870000CL |||||||||||||||||spa|d
082 0 4 |a 512.5  |b VAL  |2 21 
100 0 |a Valdivia, Mario  |e author  |9 313355 
245 1 0 |a Problemas de álgebra lineal 
300 |a 97 p 
942 |c BK 
945 |d 19880719 00:00:00 
260 |a Santiago  |b Universidad de Chile, Facultad de Ciencias Económicas  |c 1987 
650 0 |a Álgebra lineal   |9 260445 
583 |a last modification  |c 19880719 00:00:00  |k Rodrigo Vera 
999 |c 220675  |d 220673 
952 |0 0  |1 0  |4 0  |6 512_500000000000000_VAL_1987  |7 0  |8 A  |9 213205  |a BIBCUR  |b BIBCUR  |d 2019-11-15  |i 2815222  |l 1  |o 512.5 VAL 1987  |p 2815222  |r 2025-04-22  |s 2022-08-18  |w 2019-11-15  |y BK  |k BCB